Online
Catalog

The owl in the attic and other perplexities / (Record no. 1496)

MARC details
000 -CABECERA
campo de control de longitud fija 00621cam a2200181 a 4500
001 - NÚMERO DE CONTROL
campo de control 000001601
005 - FECHA Y HORA DE LA ÚLTIMA TRANSACCIÓN
campo de control 20200929145632.0
008 - DATOS DE LONGITUD FIJA--INFORMACIÓN GENERAL
campo de control de longitud fija 750730s1931 nyuaf 000 1 eng
040 ## - FUENTE DE LA CATALOGACIÓN
Centro catalogador/agencia de origen DO-SdBNP
Lengua de catalogación spa
Centro/agencia transcriptor BNPHU
082 ## - NÚMERO DE LA CLASIFICACIÓN DECIMAL DEWEY
Número de clasificación 817.4
Número de documento/Ítem T536ó
100 1# - ENTRADA PRINCIPAL--NOMBRE DE PERSONA
Nombre de persona Thurber, James,
Fechas asociadas al nombre 1894-1961.
9 (RLIN) 4928
245 14 - MENCIÓN DE TÍTULO
Título The owl in the attic and other perplexities /
Mención de responsabilidad, etc. James Thurber.
260 ## - PUBLICACIÓN, DISTRIBUCIÓN, ETC.
Lugar de publicación, distribución, etc. New York, London :
Nombre del editor, distribuidor, etc. Harper & Brothers,
Fecha de publicación, distribución, etc. 1931.
300 ## - DESCRIPCIÓN FÍSICA
Extensión 113 p. :
Otras características físicas il. ;
Dimensiones 18 cm.
650 #4 - PUNTO DE ACCESO ADICIONAL DE MATERIA--TÉRMINO DE MATERIA
Término de materia o nombre geográfico como elemento de entrada Humorismo gráfico estadounidense
9 (RLIN) 5249
650 #4 - PUNTO DE ACCESO ADICIONAL DE MATERIA--TÉRMINO DE MATERIA
Término de materia o nombre geográfico como elemento de entrada Literatura estadounidense
9 (RLIN) 263
700 1# - PUNTO DE ACCESO ADICIONAL--NOMBRE DE PERSONA
Nombre de persona White, E. B.
Forma completa/desarrollada del nombre (Elwyn Brooks),
Fechas asociadas al nombre 1899-1985.
9 (RLIN) 5250
Holdings
Estado de retiro Estado de pérdida Restricciones de uso No para préstamo Código de colección Localización permanente Ubicación/localización actual Ubicación en estantería Fecha de adquisición Número de inventario Total de préstamos Signatura topográfica completa Código de barras Fecha visto por última vez Precio válido a partir de Tipo de ítem Koha
    Préstamo interno   Monografías: Libros y Folletos General General Depósito 03.09.2009 LF1   817.4 T536ó 1601-10 25.06.2020 25.06.2020 Préstamo interno

Powered by Koha